སྔོན་མ་ལས་འབྲུག་གི་ལུང་ཕྱོགས་ཚུ་ནང་སླབ་སྲོལ་ཡོད་པའི་མིང་ཚིག་གི་ཐ་སྙད་གླིང་བུའི་གདངས་དབྱངས། (Record no. 3526)
[ view plain ]
| 000 -LEADER | |
|---|---|
| fixed length control field | 00832nam a2200193 4500 |
| 001 - CONTROL NUMBER | |
| control field | 4277 |
| 005 - DATE AND TIME OF LATEST TRANSACTION | |
| control field | 20210208123705.0 |
| 008 - FIXED-LENGTH DATA ELEMENTS--GENERAL INFORMATION | |
| fixed length control field | 210208b ||||| |||| 00| 0 eng d |
| 020 00 - INTERNATIONAL STANDARD BOOK NUMBER | |
| International Standard Book Number | 978993615187 |
| 090 00 - LOCALLY ASSIGNED LC-TYPE CALL NUMBER (OCLC); LOCAL CALL NUMBER (RLIN) | |
| Classification number (OCLC) (R) ; Classification number, CALL (RLIN) (NR) | 420.82 R584n 2012 |
| 100 00 - MAIN ENTRY--PERSONAL NAME | |
| Personal name | Rinzin, Wangchuk. |
| 245 00 - TITLE STATEMENT | |
| Title | སྔོན་མ་ལས་འབྲུག་གི་ལུང་ཕྱོགས་ཚུ་ནང་སླབ་སྲོལ་ཡོད་པའི་མིང་ཚིག་གི་ཐ་སྙད་གླིང་བུའི་གདངས་དབྱངས། |
| Statement of responsibility, etc. | Wangchuk Rinzin. |
| 260 00 - PUBLICATION, DISTRIBUTION, ETC. | |
| Place of publication, distribution, etc. | Thimphu : |
| Name of publisher, distributor, etc. | Dzongkha Development Commission, |
| Date of publication, distribution, etc. | 2012. |
| 300 00 - PHYSICAL DESCRIPTION | |
| Extent | 87 p. ; 20 cm. |
| 500 00 - GENERAL NOTE | |
| General note | In Dzongkha. |
| 650 ## - SUBJECT ADDED ENTRY--TOPICAL TERM | |
| Topical term or geographic name entry element | Dzongkha language Grammar Problems, exercises, etc. |
| Topical term or geographic name entry element | Vocabulary Problems, exercises, etc. |
| 942 ## - ADDED ENTRY ELEMENTS (KOHA) | |
| Source of classification or shelving scheme | Dewey Decimal Classification |
| Koha item type | Dzongkha |
| Withdrawn status | Lost status | Source of classification or shelving scheme | Damaged status | Not for loan | Collection code | Home library | Current library | Shelving location | Date acquired | Serial Enumeration / chronology | Inventory number | Full call number | Barcode | Date last seen | Copy number | Price effective from | Koha item type | Total Checkouts | Total Renewals | Date last checked out |
|---|---|---|---|---|---|---|---|---|---|---|---|---|---|---|---|---|---|---|---|---|
| Missing | Dewey Decimal Classification | Dzongkha | RTC Library | RTC Library | Dzongkha | 21/07/2021 | 7782 | 420.82 RIN | 30009872 | 27/11/2018 | 2 | 27/11/2018 | Dzongkha | |||||||
| Dewey Decimal Classification | Dzongkha | RTC Library | RTC Library | Dzongkha | 03/11/2021 | 7781 | 420.82 RIN | 30007932 | 05/03/2026 | 1 | 27/11/2018 | Dzongkha | 2 | 3 | 26/10/2023 |